MARC

LEADER 00000nam0a2200000 4500
001 19925
005 20231101205322.0
035 |a (RuTPU)RU\TPU\book\20096 
035 |a BOOK00020166 
090 |a 19925 
100 |a 20011209d1976 km y0rusy50 ca 
101 0 |a rus 
102 |a RU 
105 |a a z 000zb 
200 1 |a Жан-Жак Руссо  |f И. Е. Верцман 
205 |a 2-е изд., перераб. и доп. 
210 |a Москва  |c Художественная литература  |d 1976 
215 |a 310 с.  |c ил. 
600 1 |a Руссо  |g Жан Жак  |b Ж. Ж.  |c французский писатель  |c философ  |c сентименталист  |f 1712-1778  |2 stltpui  |3 (RuTPU)RU\TPU\pers\1230 
606 1 |a Руссо, Жан-Жак, 18 век, франц. просветитель  |2 stltpush  |3 (RuTPU)RU\TPU\subj\26410  |9 50343 
610 1 |a философия 
610 1 |a французская философия 
610 1 |a общественная мысль 
610 1 |a Франция 
610 1 |a история 
610 1 |a литература 
610 1 |a просветители французские 
686 |a Ю3(4Фр)5  |v LBC/SL-A  |2 rubbk 
700 1 |a Верцман  |b И. Е.  |g Израиль Ефимович 
801 0 |a RU  |b 63413507  |c 20011209  |g PSBO 
801 2 |a RU  |b 63413507  |c 20141111  |g PSBO 
942 |c BK